Nền móng và tầng hầm nhà cao tầng

Tallennettuna:
Bibliografiset tiedot
Päätekijä: Nguyễn, Văn Quảng
Aineistotyyppi: Kirja
Kieli:Undetermined
Julkaistu: Hà Nội Xây Dựng 2006
Aiheet:
Tagit: Lisää tagi
Ei tageja, Lisää ensimmäinen tagi!
Thư viện lưu trữ: Trung tâm Học liệu Trường Đại học Cần Thơ
LEADER 00561nam a2200193Ia 4500
001 CTU_112533
008 210402s9999 xx 000 0 und d
020 |c 32000 
082 |a 624.15 
082 |b Qu106 
100 |a Nguyễn, Văn Quảng 
245 0 |a Nền móng và tầng hầm nhà cao tầng 
245 0 |c Nguyễn Văn Quảng 
260 |a Hà Nội 
260 |b Xây Dựng 
260 |c 2006 
650 |a Foundations,Underground engineering 
904 |i Minh 
980 |a Trung tâm Học liệu Trường Đại học Cần Thơ